Library Banner

The developing human : (Record no. 137838)

MARC details
000 -LEADER
fixed length control field 00544nam a22001817a 4500
005 - DATE AND TIME OF LATEST TRANSACTION
control field 20250624101330.0
008 - FIXED-LENGTH DATA ELEMENTS--GENERAL INFORMATION
fixed length control field 250624b |||||||| |||| 00| 0 eng d
020 ## - INTERNATIONAL STANDARD BOOK NUMBER
International Standard Book Number 9780443116988
040 ## - CATALOGING SOURCE
Transcribing agency PK-LaUMT
082 ## - DEWEY DECIMAL CLASSIFICATION NUMBER
Classification number 612.64
Item number PER-D
100 ## - MAIN ENTRY--PERSONAL NAME
Personal name Persaud, T. V. N.
245 ## - TITLE STATEMENT
Title The developing human :
Remainder of title clinically oriented embryology /
Statement of responsibility, etc by T. V. N. Persaud and Mark G. Torchia
260 ## - PUBLICATION, DISTRIBUTION, ETC. (IMPRINT)
Place of publication, distribution, etc New York :
Name of publisher, distributor, etc Elsevier,
Date of publication, distribution, etc 2025
300 ## - PHYSICAL DESCRIPTION
Extent 504 p.
650 ## - SUBJECT ADDED ENTRY--TOPICAL TERM
Topical term or geographic name as entry element Embryology human
650 ## - SUBJECT ADDED ENTRY--TOPICAL TERM
Topical term or geographic name as entry element Abnormalites human
942 ## - ADDED ENTRY ELEMENTS (KOHA)
Koha item type Books
Holdings
Withdrawn status Lost status Damaged status Home library Current library Date acquired Full call number Barcode Date last seen Price effective from Koha item type Copy number
      UMT Health Sciences Campus UMT Health Sciences Campus 2025-06-24 612.64 PER-D 150161 2025-06-24 2025-06-24 Books  
      UMT Health Sciences Campus UMT Health Sciences Campus 2026-03-02 612.64 PER-D 152037 2026-03-02 2026-03-02 Books C.2